A Text Book of Physics : (Record no. 181463)

000 -LEADER
fixed length control field 01058 a2200169 4500
003 - CONTROL NUMBER IDENTIFIER
control field Nust
005 - DATE AND TIME OF LATEST TRANSACTION
control field 20230217094408.0
040 ## - CATALOGING SOURCE
Transcribing agency Nust
082 ## - DEWEY DECIMAL CLASSIFICATION NUMBER
Classification number 530,DUN
100 ## - MAIN ENTRY--PERSONAL NAME
Personal name Duncan J
9 (RLIN) 39704
245 ## - TITLE STATEMENT
Title A Text Book of Physics :
Remainder of title for students of science and engineering /
Statement of responsibility, etc. J. Duncan and Starling S G
260 ## - PUBLICATION, DISTRIBUTION, ETC.
Place of publication, distribution, etc. Btitain
Name of publisher, distributor, etc. Macmillan and co.
Date of publication, distribution, etc. 1949.
300 ## - PHYSICAL DESCRIPTION
Extent 749p
505 ## - FORMATTED CONTENTS NOTE
Formatted contents note Introductory (Page-1), Simple measurement (Page-8), Displacement (Page-19), Composition and resolution (Page-34), Angular velocity (Page-46), Newton, s Laws of motion (Page-58), Static forces acting a point (Page-68), Moments Forces (Page-84), Center of Parallel forces (Page-95), Couples (Page-113), Stores (Page-113), Work (Page-142), Friction machines (Page-153), Simple Machines (Page-162), Motion of rotation (Page-175), Centrifugal force (Page-195), Impact (Page-218), Hydrostatics (Page-228), Pressurace of the atmosphere (Page-242), Floating bodies (Page-255), Liquids in motions (Page-267), Surface Tension (Page-281).
650 ## - SUBJECT ADDED ENTRY--TOPICAL TERM
Topical term or geographic name entry element Physics
942 ## - ADDED ENTRY ELEMENTS (KOHA)
Source of classification or shelving scheme
Koha item type Book
Holdings
Withdrawn status Lost status Source of classification or shelving scheme Damaged status Not for loan Permanent Location Current Location Shelving location Date acquired Full call number Barcode Date last seen Price effective from Koha item type Public note
          Military College of Signals (MCS) Military College of Signals (MCS) General Stacks 12/12/2016 530,DUN MCS22008 12/08/2016 12/12/2016 Book Almirah No.77, Shelf No.3
          Military College of Signals (MCS) Military College of Signals (MCS) General Stacks 12/12/2016 530,DUN MCS6068 12/08/2016 12/12/2016 Book Almirah No.71, Shelf No.3
          Military College of Signals (MCS) Military College of Signals (MCS) General Stacks 12/12/2016 530,DUN MCS6077 12/08/2016 12/12/2016 Book Almirah No.77, Shelf No.3
          Military College of Signals (MCS) Military College of Signals (MCS) General Stacks 07/12/2023 530,DUN MCS6101 07/12/2023 07/12/2023 Book Almirah No.77, Shelf No.3
          Military College of Signals (MCS) Military College of Signals (MCS) General Stacks 07/12/2023 530,DUN MCS6323 07/12/2023 07/12/2023 Book Almirah No.77, Shelf No.3
© 2023 Central Library, National University of Sciences and Technology. All Rights Reserved.